000 00717cab a2200217 4500
001 WB2901-12
008 090401t1993 xxu||||| |||| 00| 0 eng d
035 _a(Sirsi) u18220
041 _aeng
245 _aMoD`s £500m property sale
260 _c1993
350 _a0
490 _aTimes
_v1 January 1993, 5
490 _aWestern Mail
_v6 January 1993, 5(2)
520 _aMinistry of Defence plans to dispose of property worth £500m over the next five years are foundering in the recession, with few buyers currently interested.
650 _aMINISTRY OF DEFENCE
650 _aPROPERTY DISPOSALS
690 _aPROPERTY-COMMERCIAL PROPERTY-COMMERCIAL PROPERTY MARKET
942 _n0
948 _c04/03/1997
999 _c12090
_d12090